| 000 | 00399nam a2200145Ia 4500 | ||
|---|---|---|---|
| 008 | 210210b1989 xxu||||| |||| 00| 0 eng d | ||
| 082 | _a632.4 DUGF | ||
| 100 | _aDUGGAR (Benjamin Minge). | ||
| 245 | _aFungous diseases of plants. | ||
| 260 |
_aNew Delhi. _bAgro Botanical Publishers _c1989 |
||
| 300 | _axii,508 | ||
| 650 | _aFungous Diseases Plants | ||
| 690 | _aPlant Diseases | ||
| 906 | _a043643 | ||
| 999 |
_c93015 _d93015 |
||